00533nam a22001697a 450000500170000001000120001702000130002903500120004203700090005408200110006310000360007424500760011024600590018626000390024527000570028430000220034120191230124706.0 aB-77911 c60.00a- aB-77911 bBPPD a841.08 aکبير ا حمد جا ءسی  aحا فظ -شخص ا و ر شا عر cکبير ا حمد جا ءسی  aHafiz -Shakhs Aur Shair (Urdu)bby Kabir Ahmed Jaisi  a-c2001 ء bKhuda Bakhsh Library  aKhuda Bakhsh Oriental Public Library ,bPatna k-e4 a143 صc22 cm(hb)